00777nam a2200217 4500001000700000003000900007005001700016007000300033008004100036100004400077245009900121250001200220260004700232300002200279490001800301700004000319830002600359852003300385999001900418952012200437136532ES-MaACL20260306132315.0t|070214s1981 sp r ||||1| spa d1 aRussell, Bertrand,d1872-1970 910103310aPor qué no soy cristiano / cBertrand Russell ; [traducido por Josefina Martínez Alinari]. a6ª ed. aBarcelona : bEdhasa-sudamericana, c1981. a261 p. ; c18 cm.1 aPocket Edhasa0 aMartínez Alinari, Josefina9778380 aPocket Edhasa9180347 aES-MaACLjL-10357 bR.107632 c136532d136532 00104070aATENEOMbATENEOMcDEPO2d2008-01-17eSCl0oL-10357p1142093r2023-02-23 00:00:00w2023-02-23yMONOGRAFIA